000 02015nam a2200505 i 4500
001 12970
003 KOSZ 005
005 20221021094438.0
008 080413s1965 pl a f 001 0 pol
015 _aPB 1965/7643
040 _aWA N
_cWA N
_dKOSZ 005/RW
_dKOSZ 005/HR
046 _k1965
080 _a621.74
080 _a(075.8)
245 0 0 _aTeoria procesów technologicznych w odlewnictwie metali :
_bpraca zbiorowa /
_c[autorzy Zbigniew Górny et al. ; redakcja nauk. Henryk Kunicki].
260 _aWarszawa :
_bWydawnictwa Naukowo-Techniczne,
_c1965.
300 _a638 stron :
_bilustracja, errata ;
_c25 cm.
336 _aTekst
_btxt
_2rdacontent
337 _aBez urządzenia pośredniczącego
_bn
_2rdamedia
338 _aWolumin
_bnc
_2rdacarrier
380 _aKsiążki
388 _a1901-2000
504 _aBibliografia przy rozdziałach. Indeks.
521 8 _aDla inżynierów i studentów wyższych uczelni technicznych.
658 _aInżynieria i technika
655 4 _aPodręczniki akademickie
650 4 _aTechnologia
650 4 _aOdlewnictwo
650 4 _aMetale
700 1 _aGórny, Zbigniew
_d(1927-2014).
_eAutor
700 1 _aJanuszewicz, Platon.
_eAutor
700 1 _aKniaginin, Gabriel
_d(1905-1980).
_eAutor
700 1 _aŁempicki, Jerzy
_d(1923-2005)
_eAutor
700 1 _aPelczarski, Stanisław.
_eAutor
700 1 _aPiaskowski, Jerzy
_d(1922-2013).
_eAutor
700 1 _aPodrzucki, Czesław
_d(1924-2011).
_eAutor
700 1 _aTyszko, Zbigniew.
_eAutor
710 2 _aWydawnictwa Naukowo-Techniczne
_4pbl.
700 1 _aKunicki, Henryk
_eRedakcja
700 1 _aLonga, Władysław
_d(1931- )
_eAutor
700 1 _aOlszewski, Marian
_d(1927-2014)
_eAutor
700 1 _aKrzeszewski, Roman
_d(1922-2009)
_eAutor
856 _uhttp://koha.tu.koszalin.pl/cgi-bin/koha/opac-detail.pl?biblionumber=12970
_yKatalog online BPK
942 _2UKD
_cKS
999 _c12970
_d12970